000 00684nam a22001577a 4500
003 OSt
005 20151128105848.0
008 151128b xxu||||| |||| 00| 0 eng d
040 _cRUA
082 _aFIS LIM 1996 B164 Or.1
100 _93974
_aLIM, HOUR.
245 _aStatistical analysis of fresh water fish in phnom penh market, វិភាគស្តិតិផលត្រីទឹកសាបស្រល់មានតំលៃសេដ្ឋកិច្ចដែលកំពុងធ្វើចរាចរក្នុងទីផ្សាររាជធានីភ្នំពេញ
260 _aPhnom Penh
_bRUA
_c1996
300 _a80p.
_bill.
_c29cm.
942 _2ddc
_cFIS
999 _c3695
_d3695